000 00996nam a2200229 a 4500
001 BRCA_1043
005 20190320203245.0
008 090408s1999----sp-a---###---#000-0#spa-#
020 _a8492323434
050 4 _aND1322.5
_b.E87 1999
100 1 _aEspinosa Martín, Carmen
_93442
245 1 0 _aIluminaciones, pequeños retratos y miniaturas en la Fundación Lázaro Galdiano
_cpor M. Carmen Espinosa Martín.
260 _aMadrid
_bFundación Lázaro Galdiano
_c1999
300 _a362 p.
_bil. (algunas a color), fotografías
_c24 cm.
440 0 _aCatálogos de la Fundación Lázaro Galdiano
_v2
_93443
500 _aIncluye índice de autores, índide de retratos e índice de temas bíblicos, mitológicos y asuntos varios
504 _aBibliografía : p. 349-356
610 2 4 _aFundación Lázaro Galdiano
_xColecciones de arte
_zMadrid
_92205
650 1 4 _aPintura - Retratos
_ySiglos XIX a XX
_zEspaña
_93444
650 1 4 _aPintura - Miniaturas
_ySiglos XIX a XX
_zEspaña
_93445
942 _2lcc
_cB
999 _c922
_d922